| 000 | 00609nam a2200193Ia 4500 | ||
|---|---|---|---|
| 008 | 240729s9999 xx 000 0 und d | ||
| 022 | _a1678-9741 | ||
| 245 | 0 | _aBrazilian Journal of Cardiovascular Surgery | |
| 260 | _aBrazil | ||
| 260 | _bSociedade Brasileira de Cirurgia Cardiovascular | ||
| 650 | _a Diseases of the circulatory (Cardiovascular) system | ||
| 650 | _a Internal medicine | ||
| 650 | _a Specialties of internal medicine | ||
| 650 | _a Surgery | Medicine | ||
| 650 | _aMedicine | ||
| 856 | _uhttps://doaj.org/toc/4afaf0339cfa413990c6a679a10ce019 | ||
| 942 | _2ddc | ||
| 942 | _cDOAJEJ | ||
| 999 |
_c66225 _d66225 |
||
| 945 |
_a1 _bMadushi Gamage _c1 _dMadushi Gamage |
||